000 01107nam a22002774a 4500
005 20081222153641.0
008 080811s2008 ii b 001 0deng
010 _aENG-92468
020 _a9788126026487
_c275.00
035 _aEN-76001
037 _bDBAD / VEN
040 _adpl
_bEnglish
082 _a881.092
245 _aNissim Ezekiel remembered /
_cedited by Havovi Anklesaria with assistance from Santan Rodrigues
250 _a1st ed.
260 _aNew Delhi :
_bSahitya Akademi,
_c2008
300 _axxxii, 603 p.
_c23 cm (Hb)
500 _aIncludes index.
600 _aEzekiel, Nissim,
_d1924-2004
_xCriticism and interpretation.
700 _aEzekiel, Nissim,
_d1924-2004.
700 _aAnklesaria, Havovi.
700 _aRodrigues, Santan.
942 _2ddc
_cEN
_mNIS
_h881.092
999 _c20883
_d20883